Los Límites de la Política Social.

Detalles Bibliográficos
Autor principal: Glazer, Nathan
Formato: Libro
Lenguaje:inglés
Publicado: Madrid, España Ministerio del Trabajo y Seguridad Social 1992
Materias:
Acceso en línea:

MARC

LEADER 00000cam a2200000 a 4500
001 012492
003 UAHC_CL
005 20170803120920.0
008 010822b xx j 000 1 eng
020 |a 8474347297 
040 |a UAHC_CL  |c UAHC_CL  |d UAHC_CL 
082 0 4 |a 361.25 G553 
100 1 |a Glazer, Nathan 
245 1 4 |a Los Límites de la Política Social. 
260 |b Ministerio del Trabajo y Seguridad Social  |c 1992  |a Madrid, España 
300 |a 253 p. 
650 4 |a POLITICA SOCIAL 
900 |a 361.25 GLA 
942 |c BK 
952 |0 0  |1 0  |4 0  |6 361_250000000000000_GLA  |7 0  |8 General  |9 25386  |a BC  |b BC  |c General  |d 2017-08-03  |l 0  |o 361.25 GLA  |p 1300589  |r 2026-01-13 00:00:00  |t 1  |w 2017-08-03  |y BK 
999 |c 12492  |d 12492